000 01084nam a2200265 i 4500
001 103453
003 ES-MaACL
005 20251118170121.0
007 t|
008 140305s2002 sp ||||1| spa d
020 _a84-8012-407-5
080 _a913(460.183)
100 1 _aAlcalde Crespo, Gonzalo.
_9154463
245 1 0 _aPalencia
_b: paisaje, patrimonio, palabra /
_c[textos, Gonzalo Alcalde, Rafael Martínez, Casilda Ordóñez ; fotos, Carlos Manuel Martín].
260 _aTrobajo del Camino (León) :
_bEdilesa,
_c[2002]
300 _a255 p. :
_bprincipalmente il. col. y n., mapa ;
_c32 cm.
651 4 _aPalencia (Provincia)-
_xDescripción.
_9153448
700 1 _aMartínez, Rafael Ángel
_9154464
700 1 _aOrdóñez Ferrer, Casilda,
_d1931-2009
_987201
700 1 _aMartín Jiménez, Carlos M.,
_d1955-
_9154465
852 _aES-MaACL
_jA-13038
_9107328
_bR.149902
_cDEPO1
_dOlim: N-6038
_hDonación: Diputación de Palencia
914 _96107
_aPalencia (Provincia).
_ednr
942 _2udc
_cMONOGRAFIA
999 _c103453
_d103453